| 000 | 01056nam a2200193Ia 4500 | ||
|---|---|---|---|
| 008 | 100122s9999 xx 000 0 und d | ||
| 020 | _a(क. क्र.31/2) | ||
| 082 |
_b28973 _a50 |
||
| 100 | _aदाते शं ग | ||
| 245 | _aमराठी नियतकालिकांची सूची:1800 ते 1950 द्वितीय खंड-भाग 1 ला (क. क्र.31/2) | ||
| 250 | _a0 | ||
| 260 |
_bमराठी साहित्य संशोधक मंडळ मु.म.ग्र.सं _c1905 |
||
| 300 | _a767 | ||
| 520 | _aनियतकालिकांची सूची | ||
| 620 | _aनियतकालिकांची सूची | ||
| 630 | _aमराठी नियतकालिकांची सूची:1800 ते 1950 द्वितीय खंड-भाग 1 ला (क. क्र.31/2) | ||
| 730 | _aमराठी नियतकालिकांची सूची:1800 ते 1950 द्वितीय खंड-भाग 1 ला (क. क्र.31/2) | ||
| 942 | _cBOOK | ||
| 999 |
_c414450 _d414447 |
||